[Event "SVK-chT2B 2223"]
[Site "Slovakia"]
[Date "2023.02.11"]
[Round "8.7"]
[White "Zahorsky, Robert"]
[Black "Rancso, Mark"]
[Result "1-0"]
[WhiteElo "1889"]
[BlackElo "1949"]
[PlyCount "113"]
[EventDate "2022.10.08"]
[EventType "team-tourn"]
[EventRounds "11"]
[EventCountry "SVK"]
[SourceTitle "EXT 2024"]
[Source "ChessBase"]
[SourceDate "2023.10.10"]
[SourceVersion "1"]
[SourceVersionDate "2023.10.10"]
[SourceQuality "1"]
[WhiteTeam "Tlmace"]
[BlackTeam "Komarno II"]
[WhiteTeamCountry "SVK"]
[BlackTeamCountry "SVK"]

1. d4 d5 2. c4 c6 3. Nc3 Nf6 4. Nf3 e6 5. Bg5 Be7 6. e3 0-0 7. Rc1 Nbd7 8. Qc2 Re8 9. Bd3 dxc4 10. Bxc4 Nd5 11. Bxe7 Qxe7 12. 0-0 Nb4 13. Qd2 e5 14. d5 Nb6 15. Bb3 Rd8 16. e4 cxd5 17. Nxd5 N4xd5 18. exd5 Nxd5 19. Bxd5 Be6 20. Qe3 Rxd5 21. Nxe5 Qd6 22. Rfe1 a6 23. Nc4 Qb4 24. Nb6 Rad8 25. Nxd5 Rxd5 26. a3 Qd6 27. Qg3 Qd8 28. Qc7 h6 29. Qxd8+ Rxd8 30. Rc7 Bd5 31. Rd1 Re8 32. f3 Bc6 33. Kf2 g6 34. Re1 Rf8 35. Re5 Kg7 36. f4 Kf6 37. Ree7 h5 38. h3 h4 39. g3 hxg3+ 40. Kxg3 Bd5 41. Re5 Bc6 42. a4 Rd8 43. Ree7 Rd3+ 44. Kf2 Rd2+ 45. Ke3 Rxb2 46. Rxf7+ Ke6 47. Rce7+ Kd6 48. Re5 Rb3+ 49. Kf2 Rxh3 50. Rf6+ Kc7 51. a5 Rd3 52. Re7+ Bd7 53. Rxg6 Rd5 54. Rg5 Rd4 55. Ke3 Rd1 56. Rgg7 Kc6 57. Rxd7 1-0

[Event "SVK-chT2B 1920"]
[Site "Slovakia"]
[Date "2020.02.16"]
[Round "9.7"]
[White "Zahorsky, Robert"]
[Black "Sopko, Rudolf"]
[Result "1-0"]
[WhiteElo "1897"]
[BlackElo "1694"]
[PlyCount "105"]
[EventDate "2019.10.26"]
[EventType "team-tourn"]
[EventRounds "11"]
[EventCountry "SVK"]
[SourceTitle "CBM 195 Extra"]
[Source "ChessBase"]
[SourceDate "2020.05.31"]
[SourceVersion "1"]
[SourceVersionDate "2020.05.31"]
[SourceQuality "1"]
[WhiteTeam "Tlmace"]
[BlackTeam "Trencin"]
[WhiteTeamCountry "SVK"]
[BlackTeamCountry "SVK"]

1. d4 Nf6 2. Nf3 e6 3. c4 d5 4. Nc3 Nbd7 5. Bg5 Be7 6. e3 0-0 7. Rc1 h6 8. Bh4 c6 9. Qb3 Ne8 10. Bg3 f5 11. Ne5 Kh7 12. Bd3 g6 13. 0-0 Nef6 14. Nxd7 Qxd7 15. h3 Ne4 16. Nxe4 dxe4 17. Be2 Bd6 18. Bxd6 Qxd6 19. f4 Rb8 20. Qa4 a6 21. Rfd1 Bd7 22. Qc2 g5 23. g3 gxf4 24. gxf4 Rg8+ 25. Kh2 Rg7 26. Rg1 Rbg8 27. Rxg7+ Rxg7 28. Rg1 Rxg1 29. Kxg1 Qe7 30. Bf1 c5 31. dxc5 Qxc5 32. Qd2 Bc6 33. b4 Qe7 34. a3 e5 35. b5 Be8 36. Qd5 Qxa3 37. Qxb7+ Kh8 38. Qb6 exf4 39. Qxh6+ Kg8 40. Qg5+ Kh8 41. Qf6+ Kg8 42. Qg5+ Kh8 43. Qxf4 Bf7 44. Qh6+ Kg8 45. bxa6 Qc1 46. a7 Qa1 47. Qg5+ Kh7 48. Qxf5+ Bg6 49. Qd7+ Kh6 50. Qd4 Qe1 51. Qh8+ Kg5 52. Qe5+ Kh6 53. Qf4+ 1-0

[Event "SVK-chT2B 1920"]
[Site "Slovakia"]
[Date "2019.11.17"]
[Round "4.8"]
[White "Zahorsky, Robert"]
[Black "Turicik, Dusan"]
[Result "1-0"]
[WhiteElo "1897"]
[BlackElo "1622"]
[PlyCount "43"]
[EventDate "2019.10.26"]
[EventType "team-tourn"]
[EventRounds "11"]
[EventCountry "SVK"]
[SourceTitle "CBM 193 Extra"]
[Source "ChessBase"]
[SourceDate "2020.01.31"]
[SourceVersion "1"]
[SourceVersionDate "2020.01.31"]
[SourceQuality "1"]
[WhiteTeam "Tlmace"]
[BlackTeam "Sala Slovan Duslo"]
[WhiteTeamCountry "SVK"]
[BlackTeamCountry "SVK"]

1. d4 Nf6 2. c4 g6 3. Nc3 Bg7 4. e4 d6 5. f3 Nbd7 6. Be3 e5 7. Qd2 exd4 8. Bxd4 0-0 9. 0-0-0 b6 10. h4 Nh5 11. Nge2 f5 12. Bxg7 Kxg7 13. exf5 Rxf5 14. g4 Rxf3 15. gxh5 Ne5 16. Bg2 Rd3 17. h6+ Kg8 18. Bd5+ Kh8 19. Qf4 c6 20. Be4 Bf5 21. Rxd3 Nxd3+ 22. Bxd3 1-0

[Event "SVK-chT2B 1819"]
[Site "Slovakia"]
[Date "2018.11.18"]
[Round "4.6"]
[White "Gyarmati, Tichomir"]
[Black "Zahorsky, Robert"]
[Result "1/2-1/2"]
[WhiteElo "1873"]
[BlackElo "1901"]
[PlyCount "42"]
[EventDate "2018.10.13"]
[EventType "team-tourn"]
[EventRounds "11"]
[EventCountry "SVK"]
[SourceTitle "CBM 187 Extra"]
[Source "ChessBase"]
[SourceDate "2018.11.04"]
[SourceVersion "1"]
[SourceVersionDate "2018.11.04"]
[SourceQuality "1"]
[WhiteTeam "Batorove Kosihy II"]
[BlackTeam "Tlmace"]
[WhiteTeamCountry "SVK"]
[BlackTeamCountry "SVK"]

1. d4 d5 2. Nf3 c6 3. c4 Nf6 4. Nc3 Bf5 5. cxd5 Nxd5 6. g3 e6 7. Bg2 h6 8. 0-0 Be7 9. Ne5 Nxc3 10. bxc3 Nd7 11. e4 Bh7 12. Nxd7 Qxd7 13. f4 0-0 14. Qf3 c5 15. Be3 Rac8 16. Rad1 Qa4 17. Qf2 b6 18. f5 cxd4 19. Bxd4 exf5 20. exf5 f6 21. Rfe1 Bc5 1/2-1/2

[Event "SVK-chT2B 1718"]
[Site "Slovakia"]
[Date "2017.10.28"]
[Round "1.4"]
[White "Bielik, Jakub"]
[Black "Zahorsky, Robert"]
[Result "1/2-1/2"]
[WhiteElo "1907"]
[BlackElo "1955"]
[PlyCount "26"]
[EventDate "2017.10.28"]
[EventType "team-tourn"]
[EventRounds "11"]
[EventCountry "SVK"]
[SourceTitle "CBM 181 Extra"]
[Source "ChessBase"]
[SourceDate "2017.12.12"]
[SourceVersion "1"]
[SourceVersionDate "2017.12.12"]
[SourceQuality "1"]
[WhiteTeam "Povazske Podhradie"]
[BlackTeam "Tlmace"]
[WhiteTeamCountry "SVK"]
[BlackTeamCountry "SVK"]

1. e4 c6 2. d4 d5 3. exd5 cxd5 4. c4 e6 5. Nf3 Nf6 6. Nc3 Be7 7. cxd5 exd5 8. Bb5+ Bd7 9. 0-0 0-0 10. Bf4 a6 11. Bxd7 Qxd7 12. Re1 Nc6 13. Rc1 Qf5 1/2-1/2

[Event "SVK-chT2B 1617"]
[Site "Slovakia"]
[Date "2017.02.12"]
[Round "9.5"]
[White "Kukel, Imre1111"]
[Black "Zahorsky, Robert"]
[Result "1/2-1/2"]
[WhiteElo "2256"]
[BlackElo "1951"]
[PlyCount "65"]
[EventDate "2016.10.08"]
[EventType "team-tourn"]
[EventRounds "11"]
[EventCountry "SVK"]
[SourceTitle "EXT 2018"]
[Source "ChessBase"]
[SourceDate "2017.10.13"]
[SourceVersion "1"]
[SourceVersionDate "2017.10.13"]
[SourceQuality "1"]
[WhiteTeam "Komarno"]
[BlackTeam "Tlmace"]
[WhiteTeamCountry "SVK"]
[BlackTeamCountry "SVK"]

1. e4 c6 2. d4 d5 3. e5 Bf5 4. Nf3 e6 5. Be2 Nd7 6. 0-0 Qb6 7. c4 dxc4 8. Nbd2 Qc7 9. Nxc4 h6 10. Bf4 b5 11. Ne3 Bh7 12. d5 cxd5 13. Bxb5 Ne7 14. Rc1 Qb7 15. Nd4 a6 16. Ba4 Rc8 17. Qd2 g5 18. Bg3 Bg7 19. Rxc8+ Qxc8 20. Rc1 Qb7 21. h4 0-0 22. hxg5 hxg5 23. Ng4 Nf5 24. Bc6 Qa7 25. Ne2 Nxg3 26. Nxg3 Nxe5 27. Nxe5 Bxe5 28. Qxg5+ Bg7 29. Nh5 Qd4 30. Rc3 Bg6 31. Nxg7 Kxg7 32. Rh3 Rh8 33. Rxh8 1/2-1/2

[Event "SVK-chT2B 1617"]
[Site "Slovakia"]
[Date "2017.02.11"]
[Round "8.4"]
[White "Torotto, Antal"]
[Black "Zahorsky, Robert"]
[Result "1/2-1/2"]
[WhiteElo "2015"]
[BlackElo "1951"]
[PlyCount "142"]
[EventDate "2016.10.08"]
[EventType "team-tourn"]
[EventRounds "11"]
[EventCountry "SVK"]
[SourceTitle "EXT 2018"]
[Source "ChessBase"]
[SourceDate "2017.10.13"]
[SourceVersion "1"]
[SourceVersionDate "2017.10.13"]
[SourceQuality "1"]
[WhiteTeam "Batorove Kosihy"]
[BlackTeam "Tlmace"]
[WhiteTeamCountry "SVK"]
[BlackTeamCountry "SVK"]

1. e4 c6 2. d3 d5 3. Nd2 dxe4 4. dxe4 g6 5. Ngf3 Bg7 6. Bc4 b5 7. Be2 Bb7 8. 0-0 Nf6 9. e5 Nd5 10. Ne4 Nd7 11. e6 fxe6 12. Nfg5 Nc7 13. Bg4 c5 14. Qe2 Bxe4 15. Qxe4 Nf6 16. Qc6+ Qd7 17. Bf3 Nfd5 18. Qxc5 0-0 19. c4 bxc4 20. Qxc4 h6 21. Ne4 Rab8 22. Rb1 Rb4 23. Qd3 Kh7 24. a3 Rd4 25. Qc2 Nb6 26. Be3 Rc4 27. Qe2 Ncd5 28. Bxb6 Nxb6 29. b4 e5 30. Nc5 Qf5 31. Be4 Qf6 32. Nd7 Nxd7 33. Qxc4 Nb6 34. Qc6 e6 35. Qb7 Rf7 36. Qc6 Rf8 37. Rbd1 Rc8 38. Qb7 Rc4 39. f3 Rd4 40. Rxd4 exd4 41. Qc6 d3 42. Qd6 Qd4+ 43. Qxd4 Bxd4+ 44. Kh1 d2 45. f4 Nc4 46. Bf3 Nxa3 47. Bd1 Nc4 48. Bb3 Ne3 49. Rf2 d1Q+ 50. Bxd1 Nxd1 51. Rd2 Nf2+ 52. Kg1 Bb6 53. Rxf2 Bxf2+ 54. Kxf2 Kg7 55. Ke3 Kf6 56. Ke4 h5 57. g3 Kf7 58. Ke5 Ke7 59. h3 Kf7 60. Kd6 Kf6 61. g4 a6 62. Kc5 hxg4 63. hxg4 g5 64. fxg5+ Kxg5 65. Kd6 Kxg4 66. Kxe6 Kf4 67. Kd5 Ke3 68. Kc4 Ke4 69. Kc5 Kd3 70. Kb6 Kc4 71. Kxa6 Kxb4 1/2-1/2

[Event "SVK-chT2B 1617"]
[Site "Slovakia"]
[Date "2016.12.03"]
[Round "5.4"]
[White "Foldesi, Marek"]
[Black "Zahorsky, Robert"]
[Result "1-0"]
[WhiteElo "2009"]
[BlackElo "1951"]
[PlyCount "53"]
[EventDate "2016.10.08"]
[EventType "team-tourn"]
[EventRounds "11"]
[EventCountry "SVK"]
[SourceTitle "EXT 2018"]
[Source "ChessBase"]
[SourceDate "2017.10.13"]
[SourceVersion "1"]
[SourceVersionDate "2017.10.13"]
[SourceQuality "1"]
[WhiteTeam "Levice"]
[BlackTeam "Tlmace"]
[WhiteTeamCountry "SVK"]
[BlackTeamCountry "SVK"]

1. e4 c6 2. d4 d5 3. exd5 cxd5 4. Bd3 Nf6 5. h3 e6 6. Nf3 Nc6 7. 0-0 Be7 8. c3 0-0 9. Bf4 Bd7 10. Nbd2 Rc8 11. Re1 h6 12. a3 a6 13. Ne5 Be8 14. Ndf3 Qb6 15. Qd2 Na5 16. Rad1 Nc4 17. Nxc4 dxc4 18. Bb1 Ba4 19. Rc1 Rfd8 20. Ne5 Be8 21. Bxh6 gxh6 22. Qxh6 Qxb2 23. Ng4 Ne4 24. Bxe4 f5 25. Bxf5 exf5 26. Rxe7 Qxc1+ 27. Qxc1 1-0

[Event "SVK-chT2B 1516"]
[Site "Slovakia"]
[Date "2016.01.24"]
[Round "7.6"]
[White "Maslikova, Veronika"]
[Black "Zahorsky, Robert"]
[Result "1-0"]
[WhiteElo "2229"]
[BlackElo "1943"]
[PlyCount "37"]
[EventDate "2015.10.17"]
[EventType "team-tourn"]
[EventRounds "11"]
[EventCountry "SVK"]
[SourceTitle "EXT 2019"]
[Source "ChessBase"]
[SourceDate "2018.10.10"]
[SourceVersion "1"]
[SourceVersionDate "2018.10.10"]
[SourceQuality "1"]
[WhiteTeam "Podhajska Termal"]
[BlackTeam "Tlmace NSK"]
[WhiteTeamCountry "SVK"]
[BlackTeamCountry "SVK"]

1. e4 c6 2. d4 d5 3. Nc3 dxe4 4. Nxe4 Bf5 5. Ng3 Bg6 6. h4 h6 7. Nh3 Nf6 8. Nf4 Bh7 9. Bc4 Nd5 10. Bxd5 cxd5 11. 0-0 e6 12. Qh5 Qf6 13. Re1 Kd7 14. Nxd5 exd5 15. Qxd5+ Kc7 16. Nh5 Qf5 17. Bf4+ Kb6 18. Re5 Qd7 19. Qa5+ 1-0

[Event "SVK-chT2B 1314"]
[Site "Slovakia"]
[Date "2014.03.16"]
[Round "11.7"]
[White "Zahorsky, Robert"]
[Black "Komlosi, Frantisek"]
[Result "1/2-1/2"]
[WhiteElo "1962"]
[BlackElo "1908"]
[PlyCount "33"]
[EventDate "2013.10.19"]
[EventType "team-tourn"]
[EventRounds "11"]
[EventCountry "SVK"]
[SourceTitle "EXT 2015"]
[Source "ChessBase"]
[SourceDate "2014.11.20"]
[SourceVersion "1"]
[SourceVersionDate "2014.11.20"]
[SourceQuality "1"]
[WhiteTeam "Tlmace"]
[BlackTeam "Topolcianky"]
[WhiteTeamCountry "SVK"]
[BlackTeamCountry "SVK"]

1. d4 Nf6 2. c4 e6 3. Nf3 d5 4. Nc3 c6 5. Bg5 Be7 6. e3 0-0 7. Rc1 Nbd7 8. Qc2 dxc4 9. Bxc4 Nd5 10. Bxe7 Qxe7 11. a3 Re8 12. 0-0 Nxc3 13. Qxc3 b6 14. Rfd1 Bb7 15. Ba2 Rac8 16. Rd2 Nf6 17. Bb1 1/2-1/2

[Event "SVK-chT2B 1314"]
[Site "Slovakia"]
[Date "2014.03.15"]
[Round "10.7"]
[White "Marko, Anton"]
[Black "Zahorsky, Robert"]
[Result "0-1"]
[WhiteElo "2079"]
[BlackElo "1962"]
[PlyCount "62"]
[EventDate "2013.10.19"]
[EventType "team-tourn"]
[EventRounds "11"]
[EventCountry "SVK"]
[SourceTitle "EXT 2015"]
[Source "ChessBase"]
[SourceDate "2014.11.20"]
[SourceVersion "1"]
[SourceVersionDate "2014.11.20"]
[SourceQuality "1"]
[WhiteTeam "Topolcany"]
[BlackTeam "Tlmace"]
[WhiteTeamCountry "SVK"]
[BlackTeamCountry "SVK"]

1. c4 c6 2. Nf3 d5 3. b3 Nf6 4. Bb2 Bf5 5. g3 e6 6. Bg2 h6 7. 0-0 Be7 8. d3 0-0 9. Nbd2 Re8 10. a3 a5 11. Ne5 Nbd7 12. Nxd7 Nxd7 13. e4 dxe4 14. Nxe4 Nf6 15. Qe2 Nxe4 16. dxe4 Bg6 17. Qe3 Qc7 18. f4 Red8 19. c5 f6 20. b4 e5 21. fxe5 fxe5 22. Qb3+ Kh7 23. Rad1 Rxd1 24. Rxd1 Rd8 25. Rxd8 Bxd8 26. Qe6 Bf6 27. Qd6 Qf7 28. bxa5 Qb3 29. Bxe5 Qe3+ 30. Kf1 Bh5 31. Bf4 Be2+ 0-1

[Event "SVK-chT2B 1213"]
[Site "Slovakia"]
[Date "2013.03.17"]
[Round "11.5"]
[White "Zahorsky, Robert"]
[Black "Sunal, Jan"]
[Result "1-0"]
[WhiteElo "1972"]
[BlackElo "1877"]
[PlyCount "105"]
[EventDate "2012.10.13"]
[EventType "team-tourn"]
[EventRounds "11"]
[EventCountry "SVK"]
[SourceTitle "EXT 2015"]
[Source "ChessBase"]
[SourceDate "2014.11.20"]
[SourceVersion "1"]
[SourceVersionDate "2014.11.20"]
[SourceQuality "1"]
[WhiteTeam "Tlmace"]
[BlackTeam "Bojnice"]
[WhiteTeamCountry "SVK"]
[BlackTeamCountry "SVK"]

1. d4 Nf6 2. c4 e6 3. Nf3 Be7 4. Nc3 d5 5. Bg5 0-0 6. e3 b6 7. cxd5 Nxd5 8. Bxe7 Nxe7 9. Be2 Bb7 10. 0-0 Nd7 11. Rc1 Ng6 12. Qc2 Rc8 13. Rfd1 Nh4 14. d5 Nxf3+ 15. Bxf3 Qg5 16. Ne4 Qg6 17. dxe6 Ne5 18. Nf6+ Qxf6 19. Bxb7 Rb8 20. exf7+ Nxf7 21. Bd5 Kh8 22. Bxf7 Qxf7 23. b3 h6 24. Rd4 c5 25. Rd2 Rbd8 26. Rcd1 Rxd2 27. Rxd2 Qf6 28. f3 Qh4 29. g3 Qe7 30. Kf2 Qf6 31. f4 Qc6 32. e4 Re8 33. Rd5 Qg6 34. Kf3 Qc6 35. Qc4 Qf6 36. e5 Qg6 37. Qd3 Qh5+ 38. Kg2 Qg4 39. h3 Qc8 40. Rd7 Qc6+ 41. Qd5 Qb5 42. Kf2 Qa5 43. Qd2 Qb5 44. Rxa7 c4 45. b4 Rg8 46. Rc7 c3 47. Rxc3 Qxb4 48. Rd3 Qc5+ 49. Kg2 Qc6+ 50. Kh2 b5 51. Rd6 Qc5 52. f5 Qxe5 53. Rxh6+ 1-0

[Event "SVK-chT1W 1112"]
[Site "Slovakia"]
[Date "2011.12.11"]
[Round "6.6"]
[White "Zahorsky, Robert"]
[Black "Gazik, Viktor"]
[Result "0-1"]
[WhiteElo "1996"]
[BlackElo "1977"]
[PlyCount "162"]
[EventDate "2011.10.15"]
[EventType "team-tourn"]
[EventRounds "11"]
[EventCountry "SVK"]
[SourceTitle "EXT 2013"]
[Source "ChessBase"]
[SourceDate "2012.11.22"]
[SourceVersion "1"]
[SourceVersionDate "2012.11.22"]
[SourceQuality "1"]
[WhiteTeam "Tlmace"]
[BlackTeam "Prievidza II"]
[WhiteTeamCountry "SVK"]
[BlackTeamCountry "SVK"]

1. d4 Nf6 2. c4 g6 3. f3 Bg7 4. e4 d6 5. Nc3 0-0 6. Be3 e5 7. Nge2 c6 8. Qd2 Nbd7 9. h4 h5 10. 0-0-0 a6 11. Kb1 b5 12. Nc1 Rb8 13. dxe5 dxe5 14. Nb3 Qe7 15. Qd6 Qxd6 16. Rxd6 Bb7 17. Be2 Rfc8 18. c5 Bf8 19. Rd2 Rd8 20. Rhd1 Be7 21. a3 Nf8 22. Na5 Ba8 23. b4 Ne6 24. g3 Ne8 25. Rd7 Rxd7 26. Rxd7 Bd8 27. Nb3 Rb7 28. Rd1 Rb8 29. Bd3 Bc7 30. Bc2 Rd8 31. g4 Rxd1+ 32. Nxd1 Bd8 33. Bf2 Nf4 34. Ne3 Ng7 35. Nd2 Bb7 36. a4 Bc8 37. axb5 axb5 38. Bg3 Kf8 39. Kb2 g5 40. hxg5 Bxg5 41. gxh5 Ngxh5 42. Be1 Bh3 43. Nef1 Ke7 44. Ng3 Nxg3 45. Bxg3 Ne2 46. Be1 Nd4 47. Bd1 Bg2 48. Kc3 Bxd2+ 49. Kxd2 Bxf3 50. Bg3 Bxd1 51. Kxd1 Ke6 52. Kd2 Kf6 53. Kd3 Ne6 54. Ke3 Nc7 55. Kf3 Na6 56. Be1 Kg5 57. Bd2+ Kh4 58. Be1+ Kh5 59. Bd2 Nc7 60. Bc3 f6 61. Be1 Ne6 62. Ke3 Kg4 63. Bc3 Nf4 64. Bd2 Kg3 65. Be1+ Kg4 66. Bd2 Ne6 67. Bc3 Ng5 68. Bd2 Nf3 69. Bc3 Kg3 70. Ke2 Kf4 71. Kd3 Ng5 72. Bd2+ Kf3 73. Be1 Nxe4 74. Bh4 f5 75. Be7 Ng3 76. Bd6 e4+ 77. Kd2 e3+ 78. Ke1 Ne4 79. Kf1 e2+ 80. Ke1 Nf2 81. Kd2 Nd3 0-1

[Event "SVK-chT1W 1011"]
[Site "Slovakia"]
[Date "2011.03.20"]
[Round "9"]
[White "Arendas, Marek"]
[Black "Zahorsky, Robert"]
[Result "1/2-1/2"]
[WhiteElo "2089"]
[BlackElo "1988"]
[PlyCount "100"]
[EventDate "2010.11.06"]
[EventType "team-tourn"]
[EventRounds "11"]
[EventCountry "SVK"]
[SourceTitle "EXT 2012"]
[Source "ChessBase"]
[SourceDate "2011.11.24"]
[SourceVersion "1"]
[SourceVersionDate "2011.11.24"]
[SourceQuality "1"]
[WhiteTeam "Trnava Lokomotiva"]
[BlackTeam "Tlmace"]
[WhiteTeamCountry "SVK"]
[BlackTeamCountry "SVK"]

1. e4 c6 2. d4 d5 3. Nc3 dxe4 4. Nxe4 Bf5 5. Ng3 Bg6 6. Nf3 Nd7 7. Bd3 Bxd3 8. Qxd3 Ngf6 9. Bd2 e6 10. c4 Be7 11. 0-0 0-0 12. Bc3 Nc5 13. Qc2 Ncd7 14. Rad1 Qb6 15. b3 a5 16. Rd3 Rfd8 17. Rfd1 Nf8 18. Ne5 N6d7 19. f4 Ng6 20. Qf2 Nf6 21. Kh1 Bb4 22. c5 Qb5 23. Bb2 a4 24. a3 Ba5 25. b4 Bc7 26. Qf3 Rd5 27. Ne4 Nxe4 28. Qxe4 Nxe5 29. fxe5 Rad8 30. Rh3 h6 31. Re1 Qc4 32. Qg4 Kh7 33. Qh5 Qc2 34. Ba1 Qg6 35. Qf3 Kg8 36. Rf1 R8d7 37. Rg3 Qh7 38. Qh5 Bd8 39. Rgf3 g6 40. Qg4 b6 41. Qe4 b5 42. Bb2 Bg5 43. h4 Bd8 44. Qg4 h5 45. Qe4 Qg7 46. Rg3 Kh7 47. Rf4 Bc7 48. Qe3 Kg8 49. Rgf3 f5 50. Rg3 Kh7 1/2-1/2